| 000 | 01053nam a2200301 i 4500 | ||
|---|---|---|---|
| 003 | EG-GICUC | ||
| 005 | 20260127165034.0 | ||
| 008 | 260127s1984 ua ||||f |||| 00| 0 ara d | ||
| 017 | _a84/5317 | ||
| 040 |
_a EG-GICUC _bara _c EG-GICUC _d EG-GICUC _erda |
||
| 041 | _aara | ||
| 082 | 0 | 4 |
_a343.425 _bش ر . ج _221 |
| 092 | 0 | 4 | _221 |
| 099 | _aLaw1 10 343.425 ش ر . ج 1984 1006384 | ||
| 100 | 0 |
_aشريف كامل القاضي. _eمؤلف. |
|
| 245 | 1 | 2 |
_aالجرائم الصحفية / _cشريف كامل القاضي. |
| 264 | 3 |
_aالقاهرة : _bشركة دار الإشعاع للطباعة ، _c1984 . |
|
| 300 |
_a125 صفحة ؛ _c24 سم |
||
| 336 |
_2rda content _atext |
||
| 337 |
_2rda media _aComputer |
||
| 338 |
_2rda carrier _aOnline Resource |
||
| 504 | _aيشتمل على إرجاعات ببليوجرافية. | ||
| 650 | 1 |
_aالتشريعات المتعلقة بالصحافة. _2qrmak |
|
| 651 | 1 | _2qrmak | |
| 856 | 4 | 0 | _uhttps://fll.law.cu.edu.eg/fulltext/bks/B10-06384.pdf |
| 905 | _a18 | ||
| 942 |
_2ddc _cBK _e21 _n0 |
||
| 999 |
_c59699 _d59699 |
||